000 00428nam a2200145Ia 4500
008 230917s9999||||xx |||||||||||||| ||und||
040 _e198551
_aMAIN
041 _aEnglish
082 _aN657.03 D954D
100 _aDuttachowdhury, Dhruba
245 0 _aDictionary for charted accountants/Company Secretaries cost accountants/Corporate professionals
260 _aNew Delhi
_bTaxmann
_c2010
300 _a1518 p.
942 _cBK
999 _c165026
_d165026